| Поле | Название | Значение |
| |
Тип записи |
a |
| |
Библиографический уровень |
m |
| 001 |
Контрольный номер |
9237508bd7ef48d6923420655ee7986f |
| 005 |
Дата корректировки |
20181116103246.0 |
| 010 |
Индекс ISBN |
__ |
| a |
ISBN |
978-5-906750-48-8 |
| d |
Цена |
101-00 |
| 100 |
Данные общей обработки |
__ |
| a |
Данные общей обработки |
20181116d2015####c##y0rusy50######ca |
| 101 |
Язык документа |
0_ |
| a |
Язык текста |
rus |
| 102 |
Страна публикации |
__ |
| a |
Страна публикации |
RU |
| 200 |
Заглавие и сведения об ответственности |
1_ |
| a |
Заглавие |
Дневник занимательных экспериментов для детей 6-7 лет |
| f |
Первые сведения об ответственности |
О. А. Воронкевич |
| 210 |
Выходные данные |
1_ |
| a |
Место издания |
Москва |
| c |
Издательство |
Детство-Пресс |
| d |
Дата издания |
2015 |
| 215 |
Физическое описание |
__ |
| a |
Объем |
31 с. |
| c |
Иллюстрации/тип воспроизводства |
ил. |
| 300 |
Общие примечания |
__ |
| a |
Общие примечания |
Парциальная программа "Добро пожаловать в экологию!" |
| 300 |
Общие примечания |
__ |
| a |
Общие примечания |
На обл.: Разработано в соответствии с ФГОС |
| 330 |
Аннотация |
__ |
| a |
Аннотация |
Работа с дневником значительно обогащаетопыт ребёнка и позволяет осмыслить выводы, которые были сделаны в ходе эксперимента, самостоятельно сделать умозаключения и закрепить результат через практическую деятельность в дневнике. Эксперименты достаточно просты, легко воспроизводимы и опробованы в совместной деятельности педагогов с детьми. |
| 333 |
Примечание о целевом назначении |
__ |
| a |
Примечание о целевом назначении |
0+ |
| 606 |
Тематические рубрики |
__ |
| a |
Основная рубрика |
Естественные науки в целом |
| 610 |
Ключевые слова |
0_ |
| a |
Ключевые слова |
детская литература |
| a |
Ключевые слова |
экология |
| a |
Ключевые слова |
эксперименты занимательные |
| a |
Ключевые слова |
занимательные эксперименты |
| a |
Ключевые слова |
опыты |
| a |
Ключевые слова |
занимательное естествознание |
| 686 |
Индексы других классификаций |
__ |
| a |
Индекс ББК |
Мл 20я92 |
| 700 |
Автор |
_1 |
| a |
Фамилия |
Воронкевич |
| b |
Имя |
О. А. |
| g |
Полное личное имя |
Ольга Алексеевна |
| 702 |
Вторичная интеллектуальная ответственность |
_1 |
| a |
Фамилия |
Чипчикова |
| b |
Имя |
А. В. |
| 801 |
Источник записи |
_0 |
| a |
Страна |
RU |
| b |
Организация |
Центральная районная библиотека им. Г. А. Пирожникова |
| g |
Правила каталогизации |
PSBO |
| 852 |
Данные о местонахождении |
__ |
| j |
Шифр хранения |
20 |
| i |
Авторский знак |
В 753 |
| 901 |
Тип документа |
__ |
| t |
Тип документа |
m |
| 902 |
Роль лиц |
__ |
| a |
Создатель БЗ |
ОКиО/Струналь |